Southville International School and Colleges
Your cart is empty.
  • Cart
  • Lists
    Public lists Eva Luna New books Lux_list list_1
    Your lists Log in to create your own lists
  • Log in to your account
  • Your cookies
  • Search history
Southville International School and Colleges
  • Advanced search
  • Recent comments
  • Most popular
  • Libraries

Log in to your account

Log in with GOOGLE


If you do not have an external account, but do have a local account, you can still log in:

  1. Home
  2. MARC view: What's your math problem!?! :
Normal view MARC view ISBD view

What's your math problem!?! : (Record no. 22170)

[ view plain ]
MARC details
000 -LEADER
fixed length control field 00668nam a2200193 a 4500
005 - DATE AND TIME OF LATEST TRANSACTION
control field 20140310183354.0
008 - FIXED-LENGTH DATA ELEMENTS--GENERAL INFORMATION
fixed length control field 121201s19uu xx 00 eng d
020 ## - INTERNATIONAL STANDARD BOOK NUMBER
International Standard Book Number 9781425807887
050 ## - LIBRARY OF CONGRESS CALL NUMBER
Classification number QA 42
Item number .G616 2011
100 ## - MAIN ENTRY--PERSONAL NAME
Personal name Gojak, Linda
245 ## - TITLE STATEMENT
Title What's your math problem!?! :
Remainder of title getting to the heart of teaching problem solving /
Statement of responsibility, etc author, Linda Gojak ; foreword by Laney Sammons.
260 ## - PUBLICATION, DISTRIBUTION, ETC. (IMPRINT)
Place of publication, distribution, etc Huntington Beach, CA :
Name of publisher, distributor, etc Shell Education,
Date of publication, distribution, etc 2011.
300 ## - PHYSICAL DESCRIPTION
Extent 240 p. :
Other physical details ill. ;
Dimensions 23 cm.
500 ## - GENERAL NOTE
General note Includes bibliographical references
650 ## - SUBJECT ADDED ENTRY--TOPICAL TERM
Topical term or geographic name as entry element Problem solving
650 ## - SUBJECT ADDED ENTRY--TOPICAL TERM
Topical term or geographic name as entry element Mathematics
General subdivision Study and teaching
942 ## - ADDED ENTRY ELEMENTS (KOHA)
Koha item type Books
Source of classification or shelving scheme Library of Congress Classification
Call number prefix Foreign
Holdings
Withdrawn status Lost status Source of classification or shelving scheme Damaged status Home library Current library Shelving location Date acquired Source of acquisition Cost, normal purchase price Total Checkouts Full call number Barcode Date last seen Copy number Price effective from Koha item type
    Library of Congress Classification   Archives Archives   12/01/2012 Donation 1870.00   QA 42 .G616 2011 C15804 10/30/2014 1 10/10/2013 Books

What's your math problem!?! :

APA

Gojak L., . (2011). What's your math problem!?!. Huntington Beach, CA: Shell Education.

Chicago

Gojak Linda, . 2011. What's your math problem!?!. Huntington Beach, CA: Shell Education.

Harvard

Gojak L., . (2011). What's your math problem!?!. Huntington Beach, CA: Shell Education.

MLA

Gojak Linda, . What's your math problem!?!. Huntington Beach, CA: Shell Education. 2011.

  • Place hold
  • Print
  • Cite
  • Add to your cart (remove)
  • Save record
    BIBTEX Dublin Core MARCXML MARC (non-Unicode/MARC-8) MARC (Unicode/UTF-8) MARC (Unicode/UTF-8, Standard) MODS (XML) RIS
  • More searches
    Search for this title in:
    Other Libraries (WorldCat) Other Databases (Google Scholar) Online Stores (Bookfinder.com) Open Library (openlibrary.org)

Exporting to Dublin Core...

SOUTHVILLE LIBRARY

Southville International School and Colleges Library

1281 Tropical Ave. Cor. Luxembourg St., BF Homes International, Las Pinas City

Tel. No. 8256374 / 252358 Loc. 117/146

Powered by Koha